Welcome to CU Library Online Public Access Catalogue (OPAC)

The law and the media in Ghana / (Record no. 166)

MARC details
000 -LEADER
fixed length control field 00692cam a2200205 a 4500
001 - CONTROL NUMBER
control field 12481163
005 - DATE AND TIME OF LATEST TRANSACTION
control field 20241024102833.0
008 - FIXED-LENGTH DATA ELEMENTS--GENERAL INFORMATION
fixed length control field 010412s2000 gh b f001 0 eng
020 ## - INTERNATIONAL STANDARD BOOK NUMBER
International Standard Book Number 9988802005
050 00 - LIBRARY OF CONGRESS CALL NUMBER
Classification number KRX1065
Item number .L39 2000
245 04 - TITLE STATEMENT
Title The law and the media in Ghana /
Statement of responsibility, etc. edited by Kwame Karikari and Kofi Kumado.
260 ## - PUBLICATION, DISTRIBUTION, ETC.
Place of publication, distribution, etc. Legon [Ghana] :
Name of publisher, distributor, etc. School of Communication Studies, University of Ghana,
Date of publication, distribution, etc. 2000.
300 ## - PHYSICAL DESCRIPTION
Extent 220 p. ;
Dimensions 23 cm.
650 #0 - SUBJECT ADDED ENTRY--TOPICAL TERM
Topical term or geographic name entry element Press law
Geographic subdivision Ghana.
650 #0 - SUBJECT ADDED ENTRY--TOPICAL TERM
Topical term or geographic name entry element Journalists
General subdivision Legal status, laws, etc.
Geographic subdivision Ghana.
700 1# - ADDED ENTRY--PERSONAL NAME
Personal name Karikari, Kwame.
700 1# - ADDED ENTRY--PERSONAL NAME
Personal name Kumado, Kofi.
710 2# - ADDED ENTRY--CORPORATE NAME
Corporate name or jurisdiction name as entry element University of Ghana.
Subordinate unit School of Communication Studies.
942 ## - ADDED ENTRY ELEMENTS (KOHA)
Source of classification or shelving scheme Library of Congress Classification
Koha item type Books
Suppress in OPAC No
999 ## -
-- 166
-- 166
Holdings
Withdrawn status Lost status Source of classification or shelving scheme Damaged status Not for loan Home library Current library Shelving location Date acquired Total checkouts Full call number Barcode Date last seen Copy number Price effective from Koha item type Collection
    Library of Congress Classification     Law Library (Christ Temple) Law Library (Christ Temple) General stacks 11/18/2024   KRX1065 LAW llct00000069 11/18/2024 1 11/18/2024 Books Non-fiction
    Library of Congress Classification     Law Library (Christ Temple) Law Library (Christ Temple) General stacks 11/18/2024   KRX1065 LAW llct00000082 11/18/2024 2 11/18/2024 Books Non-fiction
    Library of Congress Classification     Law Library (Christ Temple) Law Library (Christ Temple) General stacks 11/18/2024   KRX1065 LAW llct00000083 11/18/2024 3 11/18/2024 Books Non-fiction
    Library of Congress Classification     Law Library (Miotso) Law Library (Miotso) Reference 10/24/2024   KRX1065 LAW LLM00000247 10/24/2024 1 10/24/2024 Books  
    Library of Congress Classification     Law Library (Miotso) Law Library (Miotso) Reference 10/24/2024   KRX1065 LAW LLM00000248 10/24/2024 2 10/24/2024 Books  
© 2023-2024 Copyright: Central University Libraries. All Rights Reserved | Created by: Mahone Tech Office